[Event "20th Open"]
[Site "Cappelle la Grande FRA"]
[Date "2004.03.06"]
[Round "9"]
[White "Svetushkin,D"]
[Black "Skatchkov,P"]
[Result "1/2-1/2"]
[WhiteElo "2553"]
[BlackElo "2493"]
[EventDate "2004.02.28"]

1. e4 e5 2. Bc4 Nf6 3. d3 c6 4. Nf3 Be7 5. O-O d6 6. Bb3 O-O 7. c3 Nbd7 8.
Re1 Nc5 9. Bc2 Bg4 10. Nbd2 Qc7 11. h3 Bh5 12. Nf1 Rfe8 13. Ng3 Bg6 14. Nh4
Ne6 15. Nhf5 Bf8 16. d4 Rad8 17. Bb3 exd4 18. cxd4 d5 19. e5 Ne4 20. h4 Qb6
21. h5 Bxf5 22. Nxf5 g6 23. hxg6 hxg6 24. Qg4 Nxd4 25. Be3 c5 26. Nxd4 cxd4
27. Bg5 Be7 28. Bh6 Bb4 29. Rxe4 dxe4 30. Qxe4 Qf6 31. Bf4 Bd6 32. Re1 d3
33. exf6 Rxe4 34. Rxe4 Bxf4 35. Rxf4 d2 36. g4 d1=R+ 37. Bxd1 Rxd1+ 38. Kg2
Rd5 39. Rc4 g5 40. Kg3 Rb5 41. b4 Kh7 42. a4 Rb6 43. a5 Rc6 44. Rxc6 bxc6
45. Kf3 Kg6 46. Ke4 Kxf6 47. Kd4 Ke6 48. Kc5 Kd7 49. b5 cxb5 50. Kxb5 Kc7
51. Kc5 Kb7 52. f3 Ka6 53. Kb4 Kb7 54. Kb5 a6+ 55. Kc5 Kc7 56. Kd5 Kd7 57.
Ke5 Ke7 58. Kf5 f6 59. Kg6 Ke6 60. Kh6 Kd6 61. Kg7 Ke7 62. Kh7 Kd7 1/2-1/2

[Event "20th Open"]
[Site "Cappelle la Grande FRA"]
[Date "2004.03.06"]
[Round "9"]
[White "Grachev,B"]
[Black "Areshchenko,A"]
[Result "1/2-1/2"]
[WhiteElo "2506"]
[BlackElo "2564"]
[EventDate "2004.02.28"]

1. d4 Nf6 2. c4 g6 3. Nf3 Bg7 4. g3 d5 5. cxd5 Nxd5 6. Bg2 Nb6 7. O-O Nc6
8. e3 e5 9. Nc3 exd4 10. Nxd4 Nxd4 11. exd4 c6 12. d5 cxd5 13. Nxd5 O-O 14.
Be3 Nxd5 1/2-1/2

[Event "20th Open"]
[Site "Cappelle la Grande FRA"]
[Date "2004.03.06"]
[Round "9"]
[White "Vysochin,S"]
[Black "Najer,E"]
[Result "1/2-1/2"]
[WhiteElo "2584"]
[BlackElo "2602"]
[EventDate "2004.02.28"]

1. e4 c5 2. c3 d5 3. exd5 Qxd5 4. d4 Nf6 5. Nf3 e6 6. Be2 Be7 7. O-O O-O 8.
c4 Qd8 9. dxc5 Bxc5 10. Nc3 b6 11. Qc2 Bb7 12. Bg5 Nbd7 13. Rad1 Qc7 14.
Bh4 h6 15. a3 Rfe8 16. b4 Bf8 17. Nb5 Qc6 18. Nbd4 Qc8 19. Nb5 Qc6 20. Nbd4
Qc8 21. Nb5 Qc6 22. Qd2 e5 23. Nd6 Bxd6 24. Qxd6 Re6 1/2-1/2